000 00414nam a2200181Ia 4500
001 524
005 20260306140524.0
008 260306t2005||||xx |||||||||||||| ||spa||
041 _aESP
082 _a122.4
_bH93
100 _aHume, David
_eAUT
245 0 _aTratado de la naturaleza humana
260 _c2005
300 _a841 páginas :
_c20 cm.
650 _aGEN
654 _aCHU
942 _cLIB
_dJUS
_fJUS
_2ddc
_n
999 _c524
_d524